[Event "Taastrup Winter 2nd Nederste"]
[Site "Taastrup"]
[Date "2016.11.11"]
[Round "1"]
[White "Pedersen, Ole"]
[Black "Falkenberg, Rasmus"]
[Result "1-0"]
[WhiteElo "1515"]
[BlackElo "1297"]
[PlyCount "41"]
[EventDate "2016.11.11"]
[EventType "swiss"]
[EventRounds "9"]
[EventCountry "DEN"]
[SourceTitle "EXT 2024"]
[Source "ChessBase"]
[SourceDate "2023.10.10"]
[SourceVersion "1"]
[SourceVersionDate "2023.10.10"]
[SourceQuality "1"]

1. c4 e5 2. g3 Bc5 3. e3 Nc6 4. Bg2 Nge7 5. Ne2 b6 6. 0-0 Bb7 7. d4 exd4 8. exd4 Bd6 9. Nbc3 0-0 10. Ne4 Nf5 11. Nxd6 Nxd6 12. b3 Qf6 13. Bb2 Na5 14. Bxb7 Naxb7 15. Rb1 Nf5 16. Nf4 c6 17. d5 Rae8 18. Bxf6 gxf6 19. Qg4+ Ng7 20. Nh5 h6 21. Qxg7# 1-0